| 000 | 00847nam a22002417a 4500 | ||
|---|---|---|---|
| 005 | 20090825154510.0 | ||
| 008 | 090204t xxu||||| |||| 00| 0 eng d | ||
| 010 | _aENG-94882 | ||
| 020 |
_c150.00 _a9788189840112 |
||
| 035 | _aEN-78415 | ||
| 037 | _bDBAD / PUB | ||
| 040 |
_adpl _bEnglish |
||
| 082 | _a336.3 | ||
| 100 | _aPanneerselvam, R. | ||
| 245 |
_aFiscal economics / _cby R. Panneerselvam |
||
| 260 |
_aErode _bPallavi Pathippagam _c2008 |
||
| 270 |
_a194, Kanna Complex, Mettur Road, _bErode _e11 |
||
| 300 |
_a156p. _c21cm(pbk) |
||
| 650 | _aFinance, Public | ||
| 650 |
_aFiscal policy _zIndia |
||
| 942 |
_2ddc _cEN _mPAN _h336.3 |
||
| 999 |
_c29588 _d29588 |
||